City plays (Record no. 11882)
[ view plain ]
| 000 -LEADER | |
|---|---|
| fixed length control field | 00570 a2200217 4500 |
| 001 - CONTROL NUMBER | |
| control field | 139152 |
| 003 - CONTROL NUMBER IDENTIFIER | |
| control field | OSt |
| 005 - DATE AND TIME OF LATEST TRANSACTION | |
| control field | 20211008172005.0 |
| 008 - FIXED-LENGTH DATA ELEMENTS--GENERAL INFORMATION | |
| fixed length control field | |
| 020 ## - INTERNATIONAL STANDARD BOOK NUMBER | |
| International Standard Book Number | 8170462304 |
| 082 ## - DEWEY DECIMAL CLASSIFICATION NUMBER | |
| Classification number | 891.4627108 |
| Item number | E52C |
| 100 1# - MAIN ENTRY--PERSONAL NAME | |
| Personal name | Elkunchwar, Mahesh |
| 245 1# - TITLE STATEMENT | |
| Title | City plays |
| Statement of responsibility, etc | by Mahesh Elkunchwar, Shanta Gokhale, Manjula Padmanabhan |
| 260 ## - PUBLICATION, DISTRIBUTION, ETC. (IMPRINT) | |
| Place of publication, distribution, etc | New Delhi |
| Name of publisher, distributor, etc | Seagull Books |
| Date of publication, distribution, etc | 2004 |
| 300 ## - PHYSICAL DESCRIPTION | |
| Extent | 190p. |
| 630 ## - SUBJECT ADDED ENTRY--UNIFORM TITLE | |
| Uniform title | English |
| 630 ## - SUBJECT ADDED ENTRY--UNIFORM TITLE | |
| Uniform title | Marathi drama |
| 700 ## - ADDED ENTRY--PERSONAL NAME | |
| Personal name | Gokhale, Shanta |
| 700 ## - ADDED ENTRY--PERSONAL NAME | |
| Personal name | Padmanabhan, Manjula |
| 942 ## - ADDED ENTRY ELEMENTS (KOHA) | |
| Source of classification or shelving scheme | Dewey Decimal Classification |
| Koha item type | Books |
| Withdrawn status | Lost status | Source of classification or shelving scheme | Damaged status | Not for loan | Collection code | Home library | Current library | Date acquired | Source of acquisition | Cost, normal purchase price | Full call number | Barcode | Date last seen | Price effective from | Koha item type |
|---|---|---|---|---|---|---|---|---|---|---|---|---|---|---|---|
| Dewey Decimal Classification | General Text Book | Central University Of Rajasthan | Central University Of Rajasthan | 12/03/2014 | ENG | 0.00 | 891.4627108 E52C | 14824 | 21/11/2024 | 02/09/2020 | Books |
